[Event "Corus"]
[Site "Wijk aan Zee"]
[Date "2010.01.17"]
[Round "2"]
[White "Nakamura, Hikaru"]
[Black "Van Wely, Loek"]
[Result "1-0"]
[WhiteElo "2708"]
[BlackElo "2641"]
[Annotator "Postny,E"]
[PlyCount "77"]
[EventDate "2010.01.16"]
[EventType "tourn"]
[EventRounds "13"]
[EventCountry "NED"]
[EventCategory "19"]
[SourceTitle "CBM 135"]
[Source "ChessBase"]
[SourceDate "2010.03.17"]
[SourceVersion "1"]
[SourceVersionDate "2010.03.17"]
[SourceQuality "1"]

1. e4 {Marin,M} c5 2. Nf3 d6 3. d4 cxd4 4. Nxd4 Nf6 5. Nc3 a6 6. Bg5 e6 7. f4
Nbd7 8. Qf3 Qc7 {Marin,M: 'This is just one of the lines in which Black delays
...Be7, hoping that, for the practical reasons of his queenside attack, he
will be one tempo up compared to the normal lines.'} 9. Bxf6 {White gives up
the bishop in order to gain some tempi by pushing forward the g-pawn.  Marin,M:
'Nakamura seems to have an inclination towards exchanging on f6 slightly
earlier than really necessary (see also his game against Shirov, from the same
tournament).'} ({Marin,M: The usual move order is} 9. g4 b5 10. Bxf6 {when}
gxf6 {has not been played between strong players.}) ({Marin,M: For some
decades, White tried to refute Black's setup mainly with} 9. O-O-O b5 10. Bd3
Bb7 11. Rhe1 Qb6 12. Nd5 {without reaching a definitive conclusion.}) 9... Nxf6
10. g4 b5 11. g5 Nd7 12. O-O-O {Marin,M: 'All this last sequence based on
g4-g5 corresponds to a relatively new trend. Black can always transpose back
to the classical lines with ...Be7, while delaying the bishop's development
starts being connected with certain dangers. After all, the king is two moves
away from castling!'} Nc5 $6 {The immediate 12...b4 should be the critical
line and deserves thorough analysis.  Marin,M: 'This was considered to be the
most solid answer.'} (12... b4 13. Nd5 $1 exd5 14. exd5 $40 Bb7 15. Qe4+ Be7
16. Nf5 Nc5 17. Nxg7+ $1 Kf8 18. Qd4 Rg8 19. Nf5 b3 $1 20. Bc4 bxc2 21. Rde1
Re8 22. Re2 Bc8 23. Nh6 Qb6 $1 24. Qc3 $2 (24. Kxc2 $1 Rg7 25. b3 $1 Bd7 26.
Rhe1 $14 {Ftacnik}) 24... Na4 25. Qxc2 Rxg5 $3 26. fxg5 Bxg5+ 27. Kb1 Rxe2 28.
Bxe2 Bd7 $1 $15 {1-0 Radjabov,T (2728)-Volokitin,A (2662)/Biel 2006/CBM 114/
[Ftacnik] (39)}) (12... Bb7 13. Bh3 b4 14. Nd5 exd5 15. exd5 Be7 16. Rhe1 $40 {
Krivoborodov,E (2453)-Parligras,M (2547)/Bad Wiessee 2009 (1-0, 30).  Marin,M:
These are just two examples in which White obtained strong attack by means of
the thematic knight sacrifice on d5.}) 13. a3 $1 $146 {This modest move is a
strong improvement. Preventing the ...b5-b4 advance, White is preparing the
assault against the black monarch.  Marin,M: 'Technically speaking, a novelty,
but it could lead to a simple transposition.'} (13. f5 b4 14. Nd5 $6 {In this
version this sacrifice is less promising as Black has an opportunity to
transfer the knight to the e5-outpost and block the e-file.} (14. Nce2 Bb7 15.
Ng3 $13) 14... exd5 15. exd5 Nd7 16. Bg2 Ne5 17. Rhe1 Bb7 18. Qb3 Be7 $17 {
0-1 Hector,J (2537)-Negi,P (2515)/Malmo 2007/CBM 118 (75)}) 13... Rb8 $6 {
This move allows the typical sacrifice that now follows.  Marin,M: 'This looks
a bit like playing with fire.'} (13... Bb7 14. f5 e5 15. Nb3 Nxb3+ 16. cxb3 {
yields White a stable edge thanks to the control over the key d5-square.}) ({
Marin,M: Maybe this would be a good moment to transpose back with} 13... Be7 {
is relatively better, but the position is in White's favour here as well. 
Marin,M: ', after having provoked a2-a3. It should be mentioned that in the
main lines White usually tries to do without this move, which means that by
employing his move order with a delayed ...Be7 Black has obtained some sort of
success.'}) 14. b4 $5 Nd7 15. Nd5 $1 {A standard piece sacrifice; in the
current case it seems especially effective.} exd5 (15... Qb7 16. Qc3 $1 exd5
17. exd5 Qxd5 18. Bxb5 $1 axb5 19. Rhe1+ Be7 20. Nc6 Qc4 21. Rxe7+ Kf8 22. Qe3
$18) 16. exd5 {Compared to the aforementioned game Radjabov-Volokitin, Black
has less space on the queenside, and therefore less counterplay.  Marin,M:
'This had been prepared by Nakamura before the game.'} Be7 ({Marin,M:
According to him, the critical line for the evaluation of the variation is} 
16... Nb6 17. Nc6 Nxd5 18. Qxd5 Be6 19. Qg2 Rc8 20. Nd4 Qc3) 17. Re1 {Marin,M:
'White has a strong attack.'} Ne5 $6 {A desperate attempt to get out of the
squeeze.} (17... Kf8 18. Qe4 Nb6 19. Nc6 Rb7 20. Bd3 {and White is totally
dominating. It's already hard to suggest a reasonable move for Black.}) (17...
Rb6 $1 {was the best reply.} {After} 18. Nf5 Ne5 $1 19. fxe5 Bxf5 20. Qxf5 Qc3
{Black is worse, but still in the game.}) 18. fxe5 Bxg5+ 19. Kb1 dxe5 20. Nc6
Bf6 21. Bd3 $1 h5 (21... O-O 22. Rhg1 {White even doesn't have to grab the
exchange.} Kh8 23. Ref1 {and Black is defenceless against the numerous threats.
}) 22. Rxe5+ $1 {A powerful blow. Instead of grabbing the exchange, which
could leave some practical chances for Black, Nakamura sacrifices his own rook.
} Bxe5 23. Re1 Bg4 24. Qf4 O-O 25. Rxe5 $18 g6 {The alternatives are not
better.} (25... f5 26. Qg5 Rbe8 27. Ne7+ Kh8 28. h3 $1 $18) (25... Rb7 26. h3
$1 Bd1 27. Kc1 $18) 26. Qf6 Rbe8 27. Ne7+ Rxe7 28. Rxe7 Qxh2 29. Bxg6 Qh1+ 30.
Kb2 Qxd5 31. Bxf7+ (31. Be4 {was even more brutal.}) 31... Qxf7 32. Rxf7 Rxf7
33. Qxa6 {The rest is an agony.} Kg7 34. Qxb5 Kg6 35. Qc4 Rd7 36. b5 Kg5 37. b6
Bf3 38. Qb5+ Rd5 39. Qb3 {An impressive game by the US champion.} 1-0

[Event "EU-ch 11th"]
[Site "Rijeka"]
[Date "2010.03.16"]
[Round "10"]
[White "Navara, David"]
[Black "Ragger, Markus"]
[Result "1-0"]
[WhiteElo "2708"]
[BlackElo "2572"]
[Annotator "Marin,M"]
[PlyCount "81"]
[EventDate "2010.03.06"]
[EventType "swiss"]
[EventRounds "11"]
[EventCountry "CRO"]
[SourceTitle "CBM 136"]
[Source "ChessBase"]
[SourceDate "2010.05.18"]
[SourceVersion "1"]
[SourceVersionDate "2010.05.18"]
[SourceQuality "1"]

1. e4 e5 2. Nf3 Nc6 3. Bb5 a6 4. Ba4 Nf6 5. O-O b5 6. Bb3 Bc5 7. a4 Rb8 8. c3
d6 9. d4 Bb6 10. a5 Ba7 11. h3 O-O 12. Be3 Ra8 13. Nbd2 Bb7 14. Re1 exd4 (14...
Re8 {Anand,V (2790)-Shirov,A (2723)/Wijk aan Zee 2010/[Mikhalevski, V] (1-0,
55)}) 15. cxd4 Nb4 16. Bg5 h6 17. Bh4 Nd3 18. Re3 Nf4 19. Rc1 $146 (19. e5 {
proved to be premature:} dxe5 20. dxe5 Bxe3 21. fxe3 Ng6 22. exf6 Nxh4 23. Nxh4
Qxf6 24. Nhf3 c5 {Bologan,V (2692)-Caruana,F (2652)/Reggio Emilia 2009/CBM 134
(0-1, 41)}) 19... c5 {The most ambitious continuation.} ({The alternative was} 
19... Rc8 {, defending the pawn.} 20. Rcc3 $5 {it is hard to evaluate whether
the gradual piece activation offers White attacking chances.}) 20. e5 dxe5 21.
dxc5 (21. dxe5 Ng6 22. exf6 Nxh4 $132) 21... Rc8 22. Nxe5 Rxc5 {The tactical
operation in the centre has left White with a poor coordination. One wonders
whether Navarra's innovation was a pure over-the-board inspiration.} 23. Nf1
Rxc1 24. Bxf7+ Rxf7 25. Qxd8+ Rf8 26. Qd2 Bxe3 27. Qxe3 g5 (27... N6d5 $17) 28.
Bg3 N6h5 29. Bxf4 Nxf4 30. Ng6 $36 Ra1 31. Nxf8 Bxg2 32. Qe8 Rxf1+ 33. Kh2 Rh1+
34. Kg3 Rxh3+ 35. Kg4 Rh4+ 36. Kf5 Bh3+ 37. Ke5 Kg7 38. Qe7+ Kg8 39. Qd8 Kg7
40. Qf6+ Kg8 41. Ng6 1-0

[Event "Beijing Sportaccord blindfold"]
[Site "Beijing"]
[Date "2011.12.15"]
[Round "3"]
[White "Almasi, Zoltan"]
[Black "Giri, Anish"]
[Result "1-0"]
[WhiteElo "2707"]
[BlackElo "2714"]
[PlyCount "43"]
[EventDate "2011.12.14"]
[EventType "swiss (rapid)"]
[EventRounds "7"]
[EventCountry "CHN"]
[SourceTitle "CBM 145 Extra"]
[Source "ChessBase"]
[SourceDate "2012.01.03"]
[SourceVersion "1"]
[SourceVersionDate "2012.01.03"]
[SourceQuality "1"]

1. e4 e5 2. Nf3 Nf6 3. d4 Nxe4 4. dxe5 Bc5 5. Bc4 Nxf2 6. Bxf7+ Kxf7 7. Qd5+
Kg6 8. Qxc5 Nxh1 9. Nc3 d6 10. Qc4 h6 11. Nd5 Rf8 12. Qe4+ Kf7 13. Bxh6 gxh6
14. Qh7+ Ke8 15. Nxc7+ Qxc7 16. Qxc7 Na6 17. Qxd6 Bf5 18. O-O-O Rc8 19. Nd4 Rd8
20. Qxh6 Nf2 21. Qh5+ Kd7 22. e6+ 1-0

[Event "EU-Cup 31st"]
[Site "Skopje"]
[Date "2015.10.22"]
[Round "5.1"]
[White "Leko, Peter"]
[Black "Ivanchuk, Vassily"]
[Result "1-0"]
[WhiteElo "2707"]
[BlackElo "2726"]
[Annotator "Sagar Shah"]
[PlyCount "77"]
[EventDate "2015.10.18"]
[EventType "team-swiss"]
[EventRounds "7"]
[EventCountry "MKD"]
[SourceTitle "CBM 169"]
[Source "ChessBase"]
[SourceDate "2015.11.10"]
[SourceVersion "1"]
[SourceVersionDate "2015.11.10"]
[SourceQuality "1"]
[WhiteTeam "Padova"]
[BlackTeam "Alkaloid"]
[WhiteTeamCountry "ITA"]
[BlackTeamCountry "MKD"]

{In the previous round, Leko had lost a better position out of the opening
against Veselin Topalov. Against Ivanchuk's Petroff it seemed as if nothing
bad could happen, but slowly and steadily White drifted into a lost position.} 
1. e4 e5 2. Nf3 Nf6 3. Nxe5 d6 4. Nf3 Nxe4 5. Nc3 Nxc3 6. dxc3 Be7 7. Be3 Nc6
8. Qd2 Bf5 9. O-O-O Qd7 10. Kb1 O-O 11. h4 Rae8 12. Be2 Bd8 13. h5 h6 14. Nh2
Ne7 15. Bf3 (15. g4 Be6 (15... Be4 16. f3 Bh7 17. Bd3 $14 (17. g5 Nf5 $17)) 16.
g5 $40 {It is surprising that Leko did not go for this straightforward
attacking idea. White's play on the kingside is extremely strong.}) 15... Be6
$1 {The exclamation here is for giving up the b7-pawn. Usually it's a good
idea to open up the lines leading to your opponent's king when it's a case of
opposite side castling.} 16. Bxb7 (16. g4 $1 $40 {should have been preferred
as Bxb7 doesn't really do much apart from winning a pawn.}) 16... c6 17. Ba6
Nd5 18. Nf3 Qc7 19. Qd3 $6 (19. Bd3 {Bringing the bishop back was more
important.} Nxe3 20. fxe3 Qa5 $13) 19... Nxe3 20. fxe3 d5 $1 {In spite of
being a pawn down Black is better because he has the open b-file towards the
white king whereas White doesn't really have concrete plan of getting to the
guy sitting pretty on g8.} 21. Qe2 Qb6 22. Nd4 Bg5 23. Nxe6 Rxe6 24. Bd3 Bf6 (
24... Rb8 25. b3 Qc5 26. c4 Rxe3 27. Qf2 Bf6 $17) 25. Qd2 {White is a pawn up
but as we already know when it is an opposite coloured bishop middlegame
initiative is more important than material. And in this position Ivanchuk has
a clear initiative. You might think it to be exaggerated, but it is true that
with accurate play, Black should be winning here.} (25. Ka1 Rb8 26. Rb1 {
was a more tenacious way of defendng.}) 25... Rb8 $1 26. b3 Qc5 $6 {This lets
White resist for some more time.} ({The winning move was} 26... Qa5 $1 27. Kb2
c5 $1 $19 {with the idea of Ra6 as well as c4 is very strong.}) 27. Kb2 a5 28.
a4 Rb4 (28... Rxe3 {winning back the pawn and maintaining the initiative was
also pretty good.}) 29. Rb1 Re8 30. Rhf1 Reb8 31. Ra1 {Leko tries to defend as
tenaciously as he can.} Rg4 32. Rxf6 $5 {A very interesting practical
sacrifice.} gxf6 33. Qf2 {Black is still better but it is no longer one-way
traffic as moves like Qf5 are threatened. The bishop on f6 was the one
providing a lot of energy to the black attack. With its disappearnce the king
on b2 feels quite safe.} Qd6 34. Qf5 Rxg2 35. Qh7+ Kf8 36. Bg6 $2 {Leko tries
this desperate sacrifice thinking that he would have enough for an entire rook.
In a practical game especially when you are low on time, picking up this
bishop looks extremely dangerous, but objectively fxg6 is a winning move.} Rb7
{This move almost throws away Black's advantage.} (36... fxg6 $1 37. hxg6 {
This might have been Leko's idea. But now Black has the only winning move} Ke8
$1 38. Rf1 (38. g7 Qg3 $19) 38... Kd8 39. g7 Qe6 40. Rf2 Rg5 41. Qh8+ Kc7 42.
Qxh6 Qd7 43. Rxf6 Rxg7 $19 {I would be kidding myself if I said that Black's
defensive task was easy but it did exist and Ivanchuk was objectively winning.}
) 37. Rf1 Ke8 $2 {The losing mistake by Ivanchuk. I think he forgot that the
rook on g2 is hanging.} (37... c5 $1 $17 38. Qxh6+ Ke7 39. Qg7 Qe6 $19) 38.
Qg8+ $1 Qf8 (38... Kd7 39. Bf5+ Kc7 40. Qxg2 $18) 39. Bxf7+ $1 (39. Bxf7+ $1
Rxf7 40. Qxg2 $18 {The tables have turned and White is completely winning. Not
only is his king safer but he is also a pawn up. Ivanchuk saw no reason to
continue the fight.}) 1-0

[Event "Al Ain rapid"]
[Site "Al Ain"]
[Date "2014.12.18"]
[Round "2"]
[White "Mamedov, Rauf"]
[Black "Bajarani, Ulvi"]
[Result "1-0"]
[WhiteElo "2707"]
[BlackElo "2465"]
[PlyCount "87"]
[EventDate "2014.12.18"]
[EventType "swiss (rapid)"]
[EventRounds "7"]
[EventCountry "UAE"]
[SourceTitle "EXT 2016"]
[Source "ChessBase"]
[SourceDate "2015.10.08"]
[SourceVersion "1"]
[SourceVersionDate "2015.10.08"]
[SourceQuality "1"]
[WhiteClock "0:00:25"]
[BlackClock "0:00:12"]

1. c4 c6 2. Nf3 d5 3. e3 Nf6 4. b3 g6 5. Bb2 Bg7 6. Be2 O-O 7. O-O Bg4 8. h3
Bxf3 9. Bxf3 e6 10. Qc2 Nbd7 11. Be2 Rc8 12. d4 Ne4 13. Nd2 Nxd2 14. Qxd2 f5
15. f4 g5 16. cxd5 cxd5 17. Ba3 Rf7 18. Bh5 Nf6 19. Bxf7+ Kxf7 20. Rac1 gxf4
21. exf4 Rb8 22. Rc2 Ne4 23. Qe3 Qa5 24. Bb2 Bf8 25. Qf3 Bd6 26. Qh5+ Kg7 27.
g4 Rg8 28. Rg2 Kh8 29. Qf7 Qxa2 30. Qxe6 Qxb3 31. Kh2 fxg4 32. hxg4 Qb6 33. Kg1
Qb3 34. Kh2 Qb6 35. Kg1 Qb3 36. Bc1 Qc4 37. g5 b5 38. Qh3 Qxd4+ 39. Kh1 b4 40.
Bb2 Nc3 41. g6 Qg7 42. f5 Be5 43. f6 Bxf6 44. Rxf6 1-0

[Event "Corsica Masters op 16th"]
[Site "Bastia"]
[Date "2012.10.27"]
[Round "5"]
[White "Short, Nigel D"]
[Black "Gromovs, Sergejs"]
[Result "1-0"]
[WhiteElo "2707"]
[BlackElo "2169"]
[PlyCount "61"]
[EventDate "2012.10.27"]
[EventType "swiss (rapid)"]
[EventRounds "9"]
[EventCountry "FRA"]
[SourceTitle "EXT 2013"]
[Source "ChessBase"]
[SourceDate "2012.11.22"]
[SourceVersion "1"]
[SourceVersionDate "2012.11.22"]
[SourceQuality "1"]

1. e4 d6 2. Nc3 Nf6 3. f4 g6 4. Bc4 c6 5. Bb3 Bg7 6. Nf3 O-O 7. O-O b5 8. e5
dxe5 9. fxe5 Nd5 10. d4 Nxc3 11. bxc3 Bg4 12. a4 Nd7 13. h3 Bxf3 14. Qxf3 Qb6
15. a5 Qc7 16. Bxf7+ Kh8 17. Qe2 c5 18. Bg5 cxd4 19. cxd4 Qc3 20. Qd3 Rfc8 21.
Bxe7 Qxc2 22. Qxb5 Nf8 23. Bd6 Bh6 24. Kh1 Rc3 25. Bd5 Rac8 26. Ra2 Qd3 27.
Qxd3 Rxd3 28. e6 Re3 29. Be5+ Bg7 30. e7 Nd7 31. Be6 1-0

[Event "Wch Blitz"]
[Site "Doha"]
[Date "2016.12.29"]
[Round "4"]
[White "Wei, Yi"]
[Black "Mamedov, Rauf"]
[Result "1-0"]
[WhiteElo "2707"]
[BlackElo "2688"]
[PlyCount "77"]
[EventDate "2016.12.29"]
[EventType "swiss (blitz)"]
[EventRounds "21"]
[EventCountry "QAT"]
[SourceTitle "CBM 176 Extra"]
[Source "ChessBase"]
[SourceDate "2017.03.02"]
[SourceVersion "1"]
[SourceVersionDate "2017.03.02"]
[SourceQuality "1"]

1. d4 Nf6 2. Bf4 d6 3. Nc3 g6 4. e4 Bg7 5. Qd2 Nc6 6. Nf3 Bg4 7. d5 Nb8 8. Be2
Nbd7 9. h3 Bxf3 10. Bxf3 c5 11. O-O a6 12. a4 O-O 13. Rfe1 Qa5 14. Ra3 Ne8 15.
Bg4 Ne5 16. Be2 Nc7 17. Qc1 Ne8 18. Bd2 Qc7 19. a5 Nf6 20. f4 Ned7 21. Bc4 Nh5
22. Kh2 Rfb8 23. Na4 Qd8 24. Rf3 Qe8 25. b3 b5 26. axb6 Nxb6 27. Nxb6 Rxb6 28.
e5 dxe5 29. fxe5 Qb8 30. d6 exd6 31. Bxf7+ Kh8 32. e6 d5+ 33. g3 Nf6 34. e7 Ne8
35. Bxd5 Rf6 36. Rxf6 Bxf6 37. Bf4 Qa7 38. Qe3 Rc8 39. Qe6 1-0

[Event "Wch Blitz"]
[Site "Doha"]
[Date "2016.12.29"]
[Round "1"]
[White "Wei, Yi"]
[Black "Quintiliano Pinto, Renato Rodrigues"]
[Result "1-0"]
[WhiteElo "2707"]
[BlackElo "2484"]
[PlyCount "49"]
[EventDate "2016.12.29"]
[EventType "swiss (blitz)"]
[EventRounds "21"]
[EventCountry "QAT"]
[SourceTitle "CBM 176 Extra"]
[Source "ChessBase"]
[SourceDate "2017.03.02"]
[SourceVersion "1"]
[SourceVersionDate "2017.03.02"]
[SourceQuality "1"]

1. b3 e5 2. Bb2 Nc6 3. e3 Nf6 4. Bb5 Bd6 5. Ne2 O-O 6. O-O Re8 7. Ng3 a6 8. Be2
Bf8 9. c4 d5 10. cxd5 Nxd5 11. Nc3 Nxc3 12. Bxc3 Be6 13. f4 exf4 14. Rxf4 Bd6
15. Re4 Qg5 16. Qe1 Rad8 17. Qf2 Bxg3 18. hxg3 Bf5 19. Rf4 Bg6 20. Rf1 f6 21.
Bc4+ Bf7 22. Bxf7+ Kxf7 23. Rf5 Qg4 24. Rxf6+ Kg8 25. Rf7 1-0

[Event "Wch Rapid"]
[Site "Doha"]
[Date "2016.12.28"]
[Round "11"]
[White "Wei, Yi"]
[Black "Vallejo Pons, Francisco"]
[Result "1-0"]
[WhiteElo "2707"]
[BlackElo "2711"]
[PlyCount "79"]
[EventDate "2016.12.26"]
[EventType "swiss (rapid)"]
[EventRounds "15"]
[EventCountry "QAT"]
[SourceTitle "CBM 176"]
[Source "ChessBase"]
[SourceDate "2017.01.17"]
[SourceVersion "1"]
[SourceVersionDate "2017.01.17"]
[SourceQuality "1"]

1. d4 e6 2. e4 d5 3. Nd2 c5 4. Ngf3 cxd4 5. Nxd4 Nf6 6. exd5 Nxd5 7. N2f3 Bb4+
8. Bd2 O-O 9. c4 Bxd2+ 10. Qxd2 Nf6 11. Be2 Qe7 12. O-O e5 13. Nb5 Rd8 14. Qe3
Nc6 15. Rad1 Bg4 16. Rxd8+ Rxd8 17. h3 Bxf3 18. Bxf3 e4 19. Be2 Qb4 20. b3 h6
21. Rd1 a6 22. Rxd8+ Nxd8 23. Nc3 Ne6 24. Bd1 b5 25. Be2 Nf4 26. Bf1 bxc4 27.
Bxc4 g5 28. Nxe4 Qe7 29. Nxg5 Qc7 30. Bxf7+ Kh8 31. Ne6 Nxe6 32. Qxh6+ Nh7 33.
Bxe6 Qe5 34. Qe3 Qa1+ 35. Kh2 Kg7 36. Qa7+ Kh6 37. Qe3+ Kg7 38. Bf5 Nf6 39.
Qe7+ Kh6 40. f4 1-0

[Event "Wch Rapid"]
[Site "Dubai"]
[Date "2014.06.18"]
[Round "14"]
[White "Moiseenko, Alexander"]
[Black "Efimenko, Zahar"]
[Result "1/2-1/2"]
[WhiteElo "2707"]
[BlackElo "2648"]
[PlyCount "134"]
[EventDate "2014.06.16"]
[EventType "swiss (rapid)"]
[EventRounds "15"]
[EventCountry "UAE"]
[SourceTitle "CBM 160 Extra"]
[Source "ChessBase"]
[SourceDate "2014.07.01"]
[SourceVersion "1"]
[SourceVersionDate "2014.07.01"]
[SourceQuality "1"]

1. d4 Nf6 2. c4 e6 3. Nc3 Bb4 4. Nf3 b6 5. Bg5 Bb7 6. e3 c5 7. Bd3 cxd4 8. exd4
O-O 9. O-O Be7 10. Re1 d6 11. h3 Nbd7 12. Bf4 Re8 13. Rc1 Nf8 14. Bh2 Ng6 15.
b4 Rc8 16. a3 Qd7 17. Bf1 Bf8 18. Nd2 Ba8 19. Nb3 Qb7 20. Bg3 Rxc4 21. Ne4 Rxc1
22. Nxf6+ gxf6 23. Nxc1 f5 24. f3 Qd5 25. Ne2 Rc8 26. Qd2 Bg7 27. h4 f4 28. Bf2
Qf5 29. Rc1 e5 30. h5 Nf8 31. Rxc8 Qxc8 32. dxe5 dxe5 33. Nc3 Ne6 34. Nb5 Qb7
35. Bc4 Qe7 36. Qd6 Qxd6 37. Nxd6 Nd4 38. Bxf7+ Kf8 39. Ba2 Bc6 40. Nc8 Nb5 41.
a4 Nc3 42. Nxa7 Bxa4 43. Bc4 b5 44. Bd3 h6 45. Be1 e4 46. fxe4 Ke7 47. Kf1 Ke6
48. Bxc3 Bxc3 49. Bxb5 Bc2 50. Bc4+ Kd7 51. Nb5 Bxb4 52. e5 Be4 53. Nd4 Bc3 54.
e6+ Ke7 55. Ne2 Bd2 56. Nd4 Be3 57. Nf3 Bxf3 58. gxf3 Bd4 59. Ke2 Bf6 60. Kd3
Bg5 61. Ke4 Kd6 62. Kf5 Ke7 63. Kg6 Kd8 64. Kf7 Be7 65. Kg6 Bg5 66. Kf7 Be7 67.
Kg6 Bg5 1/2-1/2

[Event "Wch Rapid"]
[Site "Berlin"]
[Date "2015.10.11"]
[Round "7"]
[White "Leko, Peter"]
[Black "Onischuk, Vladimir"]
[Result "0-1"]
[WhiteElo "2707"]
[BlackElo "2612"]
[PlyCount "80"]
[EventDate "2015.10.10"]
[EventType "swiss (rapid)"]
[EventRounds "15"]
[EventCountry "GER"]
[SourceTitle "CBM 168 Extra"]
[Source "ChessBase"]
[SourceDate "2015.10.29"]
[SourceVersion "1"]
[SourceVersionDate "2015.10.29"]
[SourceQuality "1"]

1. e4 d6 2. d4 Nf6 3. Nc3 g6 4. Be3 c6 5. Qd2 Nbd7 6. Nf3 e5 7. dxe5 dxe5 8.
Bc4 b5 9. Bb3 h6 10. h3 b4 11. Na4 Ba6 12. O-O-O Bb5 13. c3 c5 14. cxb4 cxb4
15. Kb1 Be7 16. Rc1 Qa5 17. Qd1 Rd8 18. Qc2 O-O 19. Bxh6 Rc8 20. Qd1 Rxc1+ 21.
Bxc1 Rd8 22. Ng5 Nc5 23. Bxf7+ Kh8 24. Bd5 Bxa4 25. Qd2 Kg7 26. Nh7 Nxh7 27.
Qh6+ Kh8 28. Qxg6 Qb6 29. Qg3 Bf6 30. Be3 Bb5 31. Rd1 Qd6 32. f3 Bd3+ 33. Ka1
Qc7 34. Bxc5 Qxc5 35. Qe1 Rc8 36. a3 Bc2 37. axb4 Qb6 38. Rc1 Bg5 39. Ba2 Bxc1
40. Qxc1 Qd4 0-1

[Event "RUS-ch 66th"]
[Site "Nizhnij Novgorod"]
[Date "2013.10.09"]
[Round "5"]
[White "Andreikin, Dmitry"]
[Black "Shomoev, Anton"]
[Result "1-0"]
[WhiteElo "2706"]
[BlackElo "2579"]
[PlyCount "95"]
[EventDate "2013.10.05"]
[EventType "tourn"]
[EventRounds "9"]
[EventCountry "RUS"]
[EventCategory "18"]
[SourceTitle "CBM 157"]
[Source "ChessBase"]
[SourceDate "2013.11.12"]
[SourceVersion "1"]
[SourceVersionDate "2013.11.12"]
[SourceQuality "1"]

1. d4 Nf6 2. c4 e6 3. Nf3 b6 4. a3 Bb7 5. Nc3 d5 6. cxd5 Nxd5 7. e3 g6 8. Nxd5
exd5 9. Bd3 Bd6 10. Bd2 O-O 11. O-O Nd7 12. h3 Qe7 13. Rc1 Nf6 14. Ne5 c5 15.
f4 Rad8 16. Bc3 Nh5 17. Qf3 Bxe5 18. fxe5 f6 19. e6 Qxe6 20. Rfe1 Rf7 21. dxc5
d4 22. exd4 Qxe1+ 23. Rxe1 Bxf3 24. gxf3 bxc5 25. Bc4 cxd4 26. Bb4 Nf4 27.
Bxf7+ Kxf7 28. Re7+ Kg8 29. Rxa7 Rc8 30. Bd2 Nxh3+ 31. Kf1 Ng5 32. Bxg5 fxg5
33. b4 Rc3 34. Kf2 h5 35. b5 Rb3 36. a4 Rb2+ 37. Kg3 Rb4 38. Rd7 Kf8 39. a5 Ke8
40. Rd5 h4+ 41. Kh3 Ke7 42. a6 Ke6 43. Rd8 Rxb5 44. a7 Ra5 45. a8=Q Rxa8 46.
Rxa8 Kd5 47. Ra5+ Kc4 48. Rxg5 1-0